Механический привод с редукторами, мотор-редукторами и коробками скоростей: учебное пособие

Podrobná bibliografie
Další autoři: Учаев П. Н. Петр Николаевич, Гуревич Ю. Е. Юрий Ефимович, Павлов Е. В. Евгений Васильевич, Учаева С. П. Светлана Петровна, Горожанкин Е. А. Евгений Анатольевич, Пунтус А. В. Александр Владимирович
Shrnutí:Рассмотрены основы энергокинематического расчёта и приведены примеры расчёта механического привода с редукторами, мотор-редукторами и коробками скоростей в объёме, соответствующем курсовому проекту по деталям машин и основам конструирования.Учебное пособие предназначено для студентов всех инженерно-технических специальностей. Оно может быть полезно также пре­подавателям и аспирантам.
Jazyk:ruština
Vydáno: Старый Оскол, ТНТ, 2010
Témata:
Médium: MixedMaterials Kniha
KOHA link:https://koha.lib.tpu.ru/cgi-bin/koha/opac-detail.pl?biblionumber=179844

MARC

LEADER 00000nam0a2200000 4500
001 179844
005 20231101223514.0
010 |a 9785941782192 
035 |a (RuTPU)RU\TPU\book\194956 
090 |a 179844 
100 |a 20100429d2010 m y0rusy50 ca 
101 0 |a rus 
102 |a RU 
105 |a a j 001zy 
200 1 |a Механический привод с редукторами, мотор-редукторами и коробками скоростей  |e учебное пособие  |f П. Н. Учаев [и др.] 
210 |a Старый Оскол  |c ТНТ  |d 2010 
215 |a 264 с.  |c ил. 
320 |a Библиогр.: с. 263. 
330 |a Рассмотрены основы энергокинематического расчёта и приведены примеры расчёта механического привода с редукторами, мотор-редукторами и коробками скоростей в объёме, соответствующем курсовому проекту по деталям машин и основам конструирования.Учебное пособие предназначено для студентов всех инженерно-технических специальностей. Оно может быть полезно также пре­подавателям и аспирантам. 
606 1 |a Передачи  |x Курсовое проектирование  |x Исследование  |x Проектирование  |2 stltpush  |3 (RuTPU)RU\TPU\subj\48509  |9 67368 
610 1 |a механические приводы 
610 1 |a расчет 
610 1 |a примеры расчета 
610 1 |a ленточные конвейеры 
610 1 |a цепные конвейеры 
610 1 |a редукторы 
610 1 |a мотор-редукторы 
610 1 |a коробки скоростей 
610 1 |a расчетно-графические работы 
610 1 |a курсовые проекты 
610 1 |a формулы 
610 1 |a учебные пособия 
610 1 |a детали машин 
675 |a 621.83.001(075.8)  |v 3 
701 1 |a Учаев  |b П. Н.  |g Петр Николаевич 
701 1 |a Гуревич  |b Ю. Е.  |g Юрий Ефимович 
701 1 |a Павлов  |b Е. В.  |g Евгений Васильевич 
701 1 |a Учаева  |b С. П.  |g Светлана Петровна 
701 1 |a Горожанкин  |b Е. А.  |g Евгений Анатольевич 
701 1 |a Пунтус  |b А. В.  |g Александр Владимирович 
801 1 |a RU  |b 63413507  |c 20100429 
801 2 |a RU  |b 63413507  |c 20150702  |g RCR 
942 |c BK 
959 |a 28/20100429  |d 2  |e 270,00  |f АНЛ:1  |f ЧЗТЛ:1